| 000 | 01033nam a2200241Ia 4500 | ||
|---|---|---|---|
| 999 |
_c49578 _d49578 |
||
| 001 | 16510 | ||
| 003 | GE_BSU | ||
| 005 | 20250124113255.0 | ||
| 008 | 181216s2013||||ge |||||||||||||| ||geo|| | ||
| 020 | _a9789941199769 | ||
| 040 | _cGE_BSU | ||
| 041 | _ageo | ||
| 080 | _a821.353.1-31 დ-90 | ||
| 100 |
_aდუმბაძე, ნოდარ _91321 |
||
| 245 |
_aმე, ბებია, ილიკო და ილარიონი : _b[რომანი] / _cნოდარ დუმბაძე ; რედ. : თამარ ფხაკაძე ; ყდის ილ. და დიზაინი ლევან კვარაცხელია. |
||
| 264 |
_aთბილისი : _bპალიტრა L, _c2013. |
||
| 300 |
_a255 გვ. ; _c16 სმ. |
||
| 541 | _h5ლ. | ||
| 653 | _aმე, ბებია, ილიკო და ილარიონი | ||
| 653 | _aრომანი | ||
| 700 |
_aფხაკაძე, თამარ _eრედაქტორი _910593 |
||
| 942 |
_cBK _2udc |
||